Principles of Macro Economics. (Record no. 689)

MARC details
005 - DATE AND TIME OF LATEST TRANSACTION
control field 20250315083111.0
020 ## - INTERNATIONAL STANDARD BOOK NUMBER
International Standard Book Number 978-0-07-096532-4
082 ## - DEWEY DECIMAL CLASSIFICATION NUMBER
Classification number 339 FRA
100 ## - MAIN ENTRY--PERSONAL NAME
Author name FRANK, H.R.
245 ## - TITLE STATEMENT
Title Principles of Macro Economics.
250 ## - EDITION STATEMENT
Edition statement 3rd Ed.
260 ## - PUBLICATION, DISTRIBUTION, ETC.
Place of publication, distribution, etc. New York,
Name of publisher, distributor, etc. McGraw-Hill,
Date of publication, distribution, etc. 2009.
300 ## - PHYSICAL DESCRIPTION
Extent xxvi, 480p.:figure, table, picture
Other physical details Glossary, index
Dimensions 27cm
700 ## - ADDED ENTRY--PERSONAL NAME
Other authors/Editors BERNANKE, S. B. , OSBERG,, L. , CROSS, L. M. & MAcLEAN, K. B.
856 ## - ELECTRONIC LOCATION AND ACCESS
Link text Access Online Book
Electronic name Economics
Path www.accesscopyright.ca
942 ## - ADDED ENTRY ELEMENTS (KOHA)
Source of classification or shelving scheme Dewey Decimal Classification
Koha item type Books
Holdings
Date last seen Total checkouts Full call number Barcode Cost, replacement price Price effective from Koha item type Lost status Source of classification or shelving scheme Damaged status Not for loan Withdrawn status Home library Current library Shelving location Date acquired Cost, normal purchase price
06/27/2025   330 FRA DOM0003144 135000.00 06/27/2025 Books   Dewey Decimal Classification       CBE Dodoma CBE Dodoma General Collection 12/20/2010 45000.00
06/27/2025   330 FRA DOM0002700 135000.00 06/27/2025 Books   Dewey Decimal Classification       CBE Dodoma CBE Dodoma General Collection 12/20/2010 45000.00
06/27/2025   330 FRA DOM0002718 135000.00 06/27/2025 Books   Dewey Decimal Classification       CBE Dodoma CBE Dodoma General Collection 12/20/2010 45000.00
06/27/2025   339 FRA DOM0002724 135000.00 06/27/2025 Books   Dewey Decimal Classification       CBE Dodoma CBE Dodoma General Collection 12/20/2010 45000.00
06/27/2025   339 FRA DOM0002730 135000.00 06/27/2025 Books   Dewey Decimal Classification       CBE Dodoma CBE Dodoma   12/20/2010 45000.00
03/15/2025   339 FRA 0000002751 90000.00 03/15/2025 Books   Dewey Decimal Classification       College of Business Education Main Library College of Business Education Main Library General Collection 03/15/2025 30000.00